My school

Bibliographic Details
Format: Book
Published: Selangor : Early Learner Publications , 2004
Series:I can read
Subjects:

MARC

LEADER 00000cam a2200000 7i4500
001 0000005827
005 20220105104014.0
008 070810
020 |a 9833090036 
090 0 0 |a JP   |b EL ENG (7129) 
245 0 0 |a My school 
260 |a Selangor :   |b Early Learner Publications ,   |c 2004 
440 |a I can read 
500 |a Children age 4-6 years old (yellow) 
650 0 |a Junior preschool   |x English   |x Languages 
999 |a 0000981806   |b Book   |c Children Collection   |e Perbadanan Perpustakaan Awam Johor 
999 |a 0000981807   |b Book   |c Children Collection   |e Perbadanan Perpustakaan Awam Johor 
999 |a 0000981808   |b Book   |c Children Collection   |e Perbadanan Perpustakaan Awam Johor 
999 |a 0000981809   |b Book   |c Children Collection   |e Perbadanan Perpustakaan Awam Johor